|
|
|
|
| LEADER |
01438nam a2200433 a 4500 |
| 001 |
EBC231460 |
| 003 |
MiAaPQ |
| 005 |
20200520144314.0 |
| 006 |
m o d | |
| 007 |
cr cn||||||||| |
| 008 |
050302s2005 njua s 001 0 eng d |
| 010 |
|
|
|z 2005923416
|
| 020 |
|
|
|z 0764595725 (pbk.)
|
| 024 |
1 |
|
|a 785555903241
|
| 024 |
3 |
|
|a 9780764595721
|d 52499
|
| 035 |
|
|
|a (MiAaPQ)EBC231460
|
| 035 |
|
|
|a (Au-PeEL)EBL231460
|
| 035 |
|
|
|a (CaPaEBR)ebr10114248
|
| 035 |
|
|
|a (CaONFJC)MIL27907
|
| 035 |
|
|
|a (OCoLC)824538636
|
| 040 |
|
|
|a MiAaPQ
|c MiAaPQ
|d MiAaPQ
|
| 050 |
|
4 |
|a Z253.532.A34
|b A87 2005
|
| 082 |
0 |
4 |
|a 686.22544536
|2 22
|
| 082 |
0 |
4 |
|a 006.686
|2 22
|
| 100 |
1 |
|
|a Assadi, Barbara.
|
| 245 |
1 |
0 |
|a InDesign CS2 for dummies
|h [electronic resource] /
|c by Barbara Assadi and Galen Gruman.
|
| 246 |
3 |
0 |
|a InDesign CS2
|
| 260 |
|
|
|a Hoboken, NJ :
|b Wiley,
|c c2005.
|
| 300 |
|
|
|a xx, 386 p. :
|b ill.
|
| 490 |
1 |
|
|a --For dummies
|
| 500 |
|
|
|a Includes index.
|
| 533 |
|
|
|a Electronic reproduction. Ann Arbor, MI : ProQuest, 2015. Available via World Wide Web. Access may be limited to ProQuest affiliated libraries.
|
| 630 |
0 |
0 |
|a Adobe InDesign (Electronic resource)
|
| 650 |
|
0 |
|a Desktop publishing.
|
| 655 |
|
4 |
|a Electronic books.
|
| 700 |
1 |
|
|a Gruman, Galen.
|
| 710 |
2 |
|
|a ProQuest (Firm)
|
| 830 |
|
0 |
|a --For dummies.
|
| 856 |
4 |
0 |
|u https://ebookcentral.proquest.com/lib/matrademy/detail.action?docID=231460
|z Click to View
|